Manželstvo v kánonickom práve vedecká konferencia s medzinárodnou účasťou : 12. marca 2009

Bibliographic Details
Other Authors: Čitbaj, František, 1957-2026 (Editor)
Format: Book
Language:Slovak
Czech
PhysicalDescription:188 s. 24 cm
Published: Prešov Grafotlač 2009
ISBN:9788096995356 (brož.)
Edition:[1. vyd.]
Subjects:

MARC

LEADER 00000cam a2200000 a 4500
001 vtls009934309
003 SK-MaSNL
005 20260301025934.0
008 160208s2009 xo f 100 0 slo
015 |a SNBA2009/08-04303 
020 |a 9788096995356 (brož.) 
035 |a 742FABBE-406F-44E9-B0FC-B315CFD106F8 
035 |a urn:nbn:sk:snk-amk8vu 
035 |a urn:nbn:sk:snk-am008cna 
040 |a SNK  |b slo  |c SNK  |e AACR2 
041 0 |a slo  |a cze  |b eng 
044 |a xo  |c SK 
072 7 |a 2-74  |x Náboženské právo. Cirkevné právo  |2 konspekt 
080 |a 27-74  |2 2001 
080 |a 27-452  |2 2001 
080 |a 347.62  |2 2001 
080 |a (062.534)  |2 2001 
080 |a 272-1/-9  |2 2001 
245 0 0 |a Manželstvo v kánonickom práve  |b vedecká konferencia s medzinárodnou účasťou : 12. marca 2009  |c František Čitbaj, (eds.) 
250 |a [1. vyd.] 
260 |a Prešov  |b Grafotlač  |c 2009 
300 |a 188 s.  |c 24 cm 
504 |a Bibliogr. odkazy. Pozn. 
546 |a Čiast. text čes. Res. angl. 
650 0 7 |a kresťanské manželstvo  |2 SNKPH  |9 658 
650 0 7 |a manželské právo  |2 SNKPH  |9 4617 
650 0 7 |a kánonické právo  |2 SNKPH  |9 2222 
650 0 7 |a učenie katolíckej cirkvi  |2 SNKPH  |9 64342 
655 7 |a zborníky konferencií  |2 SNKPH  |9 70153 
700 1 |a Čitbaj, František,  |d 1957-2026  |4 edt  |9 167088 
919 |a 978-80-969953-5-6 
958 |a NB 
958 |a NT 
968 |d 2 
999 |c 573513  |d 575443 
952 |a SNK  |b SNK  |y PREZ  |7 0  |p 17A0627315  |o snkSC 136694  |i snk2009/13731  |8 0  |0 0  |1 0  |4 0  |d 2009-07-29  |l 0  |r 2025-07-02 00:00:00  |w 2026-02-23 
952 |a SNK  |b SNK  |y VYP  |7 0  |p 17A0627316  |o snkSC 136694 D1  |i snk2009/13733  |8 0  |0 0  |1 0  |4 0  |d 2009-07-29  |f 1  |l 0  |r 2026-02-23 14:24:03  |w 2026-02-23